| 000 | 00351nam a22001337a 4500 | ||
|---|---|---|---|
| 008 | 131126b xxu||||| |||| 00| 0 eng d | ||
| 020 | _a0006512119 | ||
| 050 | _aPZ3.O1285.H8 | ||
| 100 |
_aO'Brian, Patrick _93955 |
||
| 245 | _aThe Hundred days | ||
| 260 |
_aLondon _bHarperCollinsPublishers _c1998 |
||
| 300 |
_a281p. _c20cm |
||
| 942 |
_2lcc _cMONOGRAPH |
||
| 999 |
_c118714 _d118714 |
||